Films de l'Univers Cinématographique DC Comics - Statistiques

Statistiques générales
  • Ce quiz a été pris 1 228 fois
  • Le résultat moyen est 8 sur 11
Statistiques - réponses
Année Film % Correct
2021 (à venir) The Batman
98%
2017 Wonder Woman
89%
2017 Justice League
87%
2018 Aquaman
84%
2013 Man of Steel
81%
2016 Batman v Superman : L'Aube de la Justice
80%
2016 Suicide Squad
64%
2021 (à venir) The Suicide Squad
64%
2020 (à venir) Wonder Woman 1984
58%
2019 Shazam !
51%
2020 Birds of Prey
35%
Aucun quiz correspondant
Distribution des résultats
% des personnes avec chaque résultat
Percentile par nombre de réponses
Votre historique - résultats
Vous n’avez pas pris ce quiz